[Event "Almeria Sola Memorial-B 2nd"]
[Site "Almeria"]
[Date "2015.12.20"]
[Round "7"]
[White "Navarro Guirado, Franciscojavier"]
[Black "Alonso Garcia, Aaron"]
[Result "0-1"]
[WhiteElo "1699"]
[BlackElo "1898"]
[PlyCount "84"]
[EventDate "2015.12.18"]
[EventType "swiss"]
[EventRounds "7"]
[EventCountry "ESP"]
[SourceTitle "CBM 170 Extra"]
[Source "ChessBase"]
[SourceDate "2016.02.25"]
[SourceVersion "1"]
[SourceVersionDate "2016.02.25"]
[SourceQuality "1"]

1. c4 c5 2. Nc3 g6 3. Nf3 Bg7 4. g3 e5 5. Bg2 Ne7 6. 0-0 Nbc6 7. d3 d6 8. Rb1 0-0 9. a3 a5 10. Ne1 Be6 11. Nc2 d5 12. cxd5 Nxd5 13. Ne3 Nde7 14. Ne4 b6 15. Bd2 h6 16. b4 axb4 17. axb4 f5 18. b5 Nd4 19. Nc3 Rb8 20. Nc4 Bxc4 21. dxc4 e4 22. Qc1 Kh7 23. e3 Nf3+ 24. Bxf3 exf3 25. h3 Qe8 26. e4 Bxc3 27. Qxc3 fxe4 28. Kh2 Rd8 29. Rfe1 Nf5 30. Ra1 Rf7 31. g4 Nd4 32. Qe3 Qe5+ 33. Kh1 g5 34. Qxe4+ Qxe4 35. Rxe4 Nb3 36. Bxg5 hxg5 37. Ra6 Rd6 38. Ra8 Nd2 39. Re5 Rg6 40. Ree8 Nxc4 41. h4 gxh4 42. g5 Rxg5 0-1